000 00330nam a22001457a 4500
008 240205b ||||| |||| 00| 0 eng d
020 _a0683077007
041 _aeng
080 _21985
_a616
082 _a616SHI
100 _a11.2
101 _aREUMATOLOGJI
245 _aRHEUMATIC DISEASES
_cMICHAEL SHIPLEY
942 _2udc
_cBK
999 _c60572
_d60572